Normal view
MARC view
- Mechanics of Engineering Materials.NUSTTB2022
Entry Topical Term
001 - CONTROL NUMBER
- control field: 102882
003 - CONTROL NUMBER IDENTIFIER
- control field: NUST
005 - DATE AND TIME OF LATEST TRANSACTION
- control field: 20221117133714.0
008 - FIXED-LENGTH DATA ELEMENTS
- fixed length control field: 221117|| aca||aabn | a|a d
040 ## - CATALOGING SOURCE
- Original cataloging agency: NUST
- Transcribing agency: NUST
150 ## - HEADING--TOPICAL TERM
- Topical term or geographic name entry element: Mechanics of Engineering Materials.NUSTTB2022
670 ## - SOURCE DATA FOUND
- Source citation: Work cat.: (NUST)591418: Benham, P. P. 40905, Mechanics of Engineering Materials, 1996.
